00981cam a2200229 a 450000100100000000500170001000800410002704000250006808200190009324500790011224600410019126000460023230000280027850000430030665000330034965000440038270000470042604900090047395201230048295201290060599900170073400001976720240508200520.0100706s1989 cu 000 0 spa d aDO-SdBNPbspacBNPHU a341.775bC374u00aCausa 1/89 :bfin de la conexión cubana. /cprólogo Narciso Isa Conde.1 aNarcotráfico, crimen sin fronteras aLa Habana, Cuba :bJosé Martí,c1989. a473 p. :bil. ;c20 cm. aIncluye notas al pie de las páginas. 0aDerecho internacional 93258 4aControl de drogas y narcóticos9242891 aIsa Conde, Narciso,d1942-epról.912387 aBNGR 001052708MOaGRbGRcCTd2010-07-06iLF1l0o341.775 C374up19767-10r2020-06-25w2020-06-25y2ZPréstamo interno 001052728MOaGRbGRcCTd2010-07-06iLF1l0o341.775 C374up19767-20r2020-06-25te. 2w2020-06-25y2ZPréstamo interno c19281d19281